Riconosci gli Stati dal satellite - Quiz n°17 - Statistics

Statistiche generali
  • Questo quiz è stato fatto 6 volte
  • Il punteggio medio è 7 su 10
Statistiche sulle risposte
con Immagini Risposta % Corretto
Algeria
100%
Egitto
100%
Italia
100%
Turchia
100%
Oman
83%
Mozambico
67%
Nepal
67%
Ciad
33%
Slovacchia
17%
Sudan del Sud
17%
Nessun quiz corrispondente trovato
Distribuzione punteggi
Percentuale di utenti per punteggio
Percentile per numero di risposta
I tuoi punteggi nel tempo
Non hai fatto questo quiz